00530nam a2200181Ia 4500008004100000040001900041041001200060082002400072100002800096245007600124260002500200300002300225504001900248650002000267651002000287700002300307850001800330131103s9999 xx 000 0 und d aLoreto College aEnglish a954/SASbLCBED/4108 aSastri, K. A. Nilakanta aIndiab a historical survey cK. A. Nilakanta Sasti & G. Srinivasachari aBombaybAlliedc1966 avii,251p. c 21cm. aIncludes index aHistory - India aIndia - History aSrinivasachari, G. aLCBED/954/SAS